Loading...
| Current Events | 2 | 10.00 | 100% | 0% | 0% |
| Fine Arts - Classical Music | 4 | 7.50 | 50% | 25% | 0% |
| Fine Arts - Other | 4 | 12.50 | 75% | 25% | 25% |
| Fine Arts - Painting and Sculpture | 8 | 13.75 | 88% | 38% | 13% |
| Geography | 1 | 0.00 | 0% | 0% | 0% |
| History - American | 7 | 14.29 | 100% | 43% | 0% |
| History - European | 7 | 15.71 | 100% | 43% | 14% |
| History - Other | 7 | 17.14 | 86% | 57% | 29% |
| History - World | 6 | 10.00 | 50% | 33% | 17% |
| Literature - American | 6 | 20.00 | 100% | 67% | 33% |
| Literature - British | 4 | 12.50 | 100% | 25% | 0% |
| Literature - European | 5 | 16.00 | 100% | 40% | 20% |
| Literature - World | 8 | 17.50 | 88% | 63% | 25% |
| Mythology | 8 | 12.50 | 63% | 50% | 13% |
| Other Academic | 3 | 16.67 | 67% | 67% | 33% |
| Philosophy | 5 | 18.00 | 100% | 80% | 0% |
| Pop Culture | 1 | 10.00 | 100% | 0% | 0% |
| Religion | 5 | 20.00 | 100% | 80% | 20% |
| Science - Biology | 7 | 21.43 | 100% | 71% | 43% |
| Science - Chemistry | 7 | 17.14 | 100% | 57% | 14% |
| Science - Other | 6 | 13.33 | 100% | 33% | 0% |
| Science - Physics | 7 | 12.86 | 100% | 29% | 0% |
| Social Science | 4 | 15.00 | 100% | 50% | 0% |